Classic Game Boy Advance Games by Screenshot - Statistics

General Stats
  • This quiz has been taken 219 times
  • The average score is 15 of 20
Answer Stats
Picture Answer % Correct
Sonic Advance
99%
Kirby & the Amazing Mirror
98%
Pokémon Emerald
98%
The Legend of Zelda: The Minish Cap
98%
Mario Kart: Super Circuit
94%
Rayman Advance
90%
Metroid Fusion
85%
Kingdom Hearts: Chain of Memories
82%
Castlevania: Aria of Sorow
79%
Mario and Luigi: Superstar Saga
79%
Mega Man Zero
77%
Mother 3
75%
Wario Land 4
74%
F-Zero: Maximum Velocity
72%
Advance Wars
57%
Final Fantasy Tactics Advance
57%
Grand Theft Auto Advance
55%
Pokémon Mystery Dungeon: Red Rescue Team
55%
Golden Sun
45%
Klonoa: Empire of Dreams
37%
No matching quizzes found
Score Distribution
Percent of People with Each Score
Percentile by Number Answered
Your Score History
You have not taken this quiz